Drugs and drug policy : the control of consciousness alteration / Clayton J. Mosher, Washington State University, Scott M. Akins, Oregon State University. 250 (Record no. 22152)

000 -LEADER
fixed length control field 01260nam a22001937a 4500
020 ## - INTERNATIONAL STANDARD BOOK NUMBER
ISBN 9781544350769
082 ## - DEWEY DECIMAL CLASSIFICATION NUMBER
Classification number 362.290973
Item number M911 2021
100 ## - MAIN ENTRY--AUTHOR NAME
Personal name Mosher, Clayton James
245 ## - TITLE STATEMENT
Title Drugs and drug policy : the control of consciousness alteration / Clayton J. Mosher, Washington State University, Scott M. Akins, Oregon State University. 250
250 ## - EDITION STATEMENT
Edition statement Third edition.
260 ## - PUBLICATION, DISTRIBUTION, ETC. (IMPRINT)
Place of publication Los Angeles :
Name of publisher SAGE,
Year of publication 2021.
300 ## - PHYSICAL DESCRIPTION
Number of Pages 1 online resource, xx, 661 pages :
Other physical details illustrations, maps.
Accompanying material
500 ## - GENERAL NOTE
General note Includes bibliographical references and index.
520 ## - SUMMARY, ETC.
Summary, etc This engaging and throughly updated text provides a cross-national perspective on the use and regulation of both legal and illegal drugs. Drugs and Drug Policy examines and critiques drug policies in the United States and abroad in terms of their scope, goals, and effectiveness. Authors Clayton J. Mosher and Scott Akins also discuss the physiological, psychological, and behavioural effects of legal and illicit drugs; the patterns and correlates of use; theories of the causes of drug use; and the policies that govern that usage".
650 ## - SUBJECT ADDED ENTRY--TOPICAL TERM
Topical Term Drug abuse United States.
700 ## - ADDED ENTRY--PERSONAL NAME
Personal name Akins, Scott, author.
856 ## - ELECTRONIC LOCATION AND ACCESS
Uniform Resource Identifier https://lccn.loc.gov/2020046309
942 ## - ADDED ENTRY ELEMENTS (KOHA)
Koha item type Electronic Books
Holdings
Source of acquisition Permanent Location Date acquired Collection code Koha item type Lost status Shelving location Withdrawn status Current Location Full call number
DonationCagayan State University - Carig Library2026-04-13Educational GamesElectronic Books E-Resource Section Cagayan State University - Carig Library362.290973 M911 2021

Cagayan State University University Library, Carig Campus
Tuguegarao City, Cagayan 3500 | www.csucarig.edu.ph

Powered by Koha